Teoretické východiská enviromentálneho zdaňovania

Priblíženie názorov vybraných ekonómov na nástroje environmentálnej politiky. Environmentálna daň a teoretické riešenie negatívnych externalít, ktoré ju ovplyvňujú.

Na minha lista:
Detalhes bibliográficos
Autor principal: Válek, Juraj, 1981-
Outros Autores: Kušnírová, Jana, 1977-
Formato: Capítulo de Livro
Idioma:eslovaco
Assuntos:
Tags: Adicionar Tag
Sem tags, seja o primeiro a adicionar uma tag!

MARC

LEADER 00000naa$a2200000$$$4500
001 0240607
005 20240502073920.1
041 0 |a slo 
044 |a SK 
245 1 0 |a Teoretické východiská enviromentálneho zdaňovania  |c Juraj Válek, Jana Kušnírová 
520 |a Priblíženie názorov vybraných ekonómov na nástroje environmentálnej politiky. Environmentálna daň a teoretické riešenie negatívnych externalít, ktoré ju ovplyvňujú. 
610 2 0 |a dane ekologické 
610 2 0 |a politika environmentálna 
610 2 0 |a externality 
610 2 0 |a teórie daňové 
610 2 0 |a dane nepriame 
610 2 0 |a prostredie životné 
610 2 0 |a OECD 
100 1 |a Válek, Juraj, 1981- 
700 1 |a Kušnírová, Jana, 1977-